000 00337nam a22001577a 4500
003 SGT
020 _a978-1-4522-9018-0
082 _a306.85
_bF15W
100 _aWHITE, JAMES
245 _aFAMILY THEORIES: AN INTRODUCTION
250 _a4TH
260 _aUK
_bSAGE
_c2015
300 _a347
650 _aPSYCHOLOGY
942 _2ddc
_cBK
999 _c15945
_d15945